Central Library OPAC University of Rajshahi

Landform evolution and geo-environmental assessment of the Jamuna valley, Bangladesh / (Record no. 81114)

MARC details
000 -LEADER
fixed length control field 01073nam a22002537a 4500
001 - CONTROL NUMBER
RUCL Control Number 81114
003 - CONTROL NUMBER IDENTIFIER
rucl marc code BD-RjUL
005 - DATE AND TIME OF LATEST TRANSACTION
control field 20230122174255.0
008 - FIXED-LENGTH DATA ELEMENTS--GENERAL INFORMATION
fixed length control field 230122s2011 bg a|||| m||| 00| 0 eng d
035 ## - SYSTEM CONTROL NUMBER
system control number BD-RjUL81114
040 ## - CATALOGING SOURCE
Original cataloging agency BD-RjUL
Language of cataloging eng
Transcribing agency BD-RjUL
Modifying agency BD-RjUL
041 ## - LANGUAGE CODE
Language code of Book eng
082 ## - DEWEY DECIMAL CLASSIFICATION NUMBER
DDC Edition number 23
Classification number 576.8
Author mark and Year SHL 2011
100 ## - MAIN ENTRY--PERSONAL NAME
Personal name Shamsuzzaman, Md.
9 (RLIN) 6673
245 10 - TITLE STATEMENT
Title Landform evolution and geo-environmental assessment of the Jamuna valley, Bangladesh /
Statement of responsibility, etc Md. Shamsuzzaman ;
Name of Supervisor/Co-Supervisor Supervisor : Md. Badrul Islam, & Md. Sultan-Ul-Islam,
260 ## - PUBLICATION, DISTRIBUTION, ETC. (IMPRINT)
Place of publication, distribution, etc Rajshahi :
Name of publisher, distributor, etc Department of Geology and Mining Faculty of Life and Earth Sciences, University of Rajshahi,
Date of publication, distribution, etc 2011
300 ## - PHYSICAL DESCRIPTION
Pagination xv, 181 leaves :
Other physical details ill, ;
Dimensions 29.cm.
502 ## - DISSERTATION NOTE
Dissertation note Thesis (Ph. D.) -- Department of Geology and Mining Faculty of Life and Earth Sciences, University of Rajshahi, 2011
504 ## - BIBLIOGRAPHY, ETC. NOTE
Bibliography, etc References : Leaves 168 - 181
650 ## - SUBJECT ADDED ENTRY--TOPICAL TERM
Topical term or geographic name as entry element Evolution
Form subdivision Genetics and evolution
9 (RLIN) 6674
700 ## - ADDED ENTRY--SUPERVISOR/CO-SUPERVISOR NAME
Personal name Islam, Md. Badrul, Supervisor
9 (RLIN) 6675
Personal name -Islam, Md. Sultan-Ul, Supervisor
9 (RLIN) 6676
942 ## - ADDED ENTRY ELEMENTS (KOHA)
Source of classification or shelving scheme Dewey Decimal Classification
Koha item type Theses
Holdings
Source of classification or shelving scheme Damaged status Not for loan Collection code Permanent Location Current Location Shelving location Date of accession Source of acquisition Total Checkouts Full call number Barcode Date last seen Copy number Thesis
Dewey Decimal Classification   Not For Loan Theses Central Library, University of Rajshahi Central Library, University of Rajshahi Documentation Section 24/10/2013 Controller of Exam. R.U.   THE 576.8 SHL 2011 D3530 22/01/2023 C-1 Theses